Politechničeskij slovar'

Gespeichert in:
Bibliographische Detailangaben
Format: Buch
Sprache:Russisch
Veröffentlicht: Moskva Sovetskaja enciklopedija 1980
Ausgabe:2. izd.
Tags: Tag hinzufügen
Keine Tags, Fügen Sie das erste Tag hinzu!

MARC

LEADER 00000nam a2200000 4500
001 c131456
005 20250901110846.8
041 0 |a rus 
044 |a RU 
245 1 0 |a Politechničeskij slovar'  |c Red. A.Ju. Išlinskij 
250 |a 2. izd. 
264 1 |a Moskva  |b Sovetskaja enciklopedija  |c 1980 
300 |a 654 s.